AS Monaco Squad 2016-2017 - Statistics

General Stats
  • This quiz has been taken 221 times
  • The average score is 13 of 30
Answer Stats
Nbr Post Nationality Player % Correct
9 FW Colombia Radamel Falcao
97%
1 GK Croatia Danijel Subasic
91%
29 FW France Kylian Mbappé Lottin
91%
10 MF Portugal Bernardo Silva
87%
2 DF Brazil Fabinho
79%
25 DF Poland Kamil Glik
79%
23 DF France Benjamin Mendy
72%
27 MF France Thomas Lemar
68%
8 MF Portugal Joao Moutinho
67%
14 MF France Tiemoué Bakayoko
67%
19 DF France Djibril Sidibé
65%
5 DF Brazil Jemerson
56%
18 FW France Valère Germain
52%
24 DF Italy Andrea Raggi
51%
Coach Portugal Leonardo Jardim
44%
7 MF Morocco Nabil Dirar
42%
38 DF Mali Almamy Touré
28%
11 FW Argentina Guido Carrillo
25%
16 GK Italy Morgan De Sanctis
25%
20 MF Mali Adama Traoré
23%
6 DF Brazil Jorge
21%
30 GK Senegal Seydou Sy
21%
26 MF Brazil Gabriel Boschilia
20%
40 GK France Loïc Badiashile
17%
34 DF France Abdou Diallo
16%
35 DF France Kévin N'Doram
13%
- FW France Irvin Cardona
10%
- MF France Corentin Tirard
5%
- MF France Dylan Beaulieu
5%
- DF France Pierre-Daniel Nguinda Ndiffon
5%
No matching quizzes found
Score Distribution
Percent of People with Each Score
Percentile by Number Answered
Your Score History
You have not taken this quiz